Les Saiyans connus dans Dragon Ball - Statistiques

Statistiques générales
  • Ce quiz a été pris 120 fois
  • Le résultat moyen est 15 sur 36
Statistiques - réponses
Saiyan connus % Correct
Vegeta
98%
Goku
97%
Gohan
93%
Goten
93%
Trunks
89%
Bardock
86%
Broly
84%
Raditz
80%
Nappa
76%
Gogeta
71%
Vegeto
69%
Roi Vegeta
61%
Kale
55%
Caulifla
53%
Gotenks
53%
Paragus
47%
Cabba
46%
Bra
43%
Kefla
43%
Gine
42%
Tarble
34%
Toma
27%
Yamoshi
27%
Selipa
25%
Goku Black
15%
Totappo
5%
Brocco
4%
Onion
4%
Panbukin
4%
Beets
2%
Jaga
2%
Leek
2%
Nion
1%
Roi Sadala
1%
Taro
1%
Zorn
1%
Aucun quiz correspondant
Distribution des résultats
% des personnes avec chaque résultat
Percentile par nombre de réponses
Votre historique - résultats
Vous n’avez pas pris ce quiz